000
00374nam a2200181Ia 4500
001
7048
005
20250626030140.0
008
211022s9999 xx 000 0 und d
020
_a
0600364100
082
_a
780.03 ARD
100
_a
Ardley, Neil
245
0
_a
Music
260
_a
London
260
_b
Hamlyn Publishing
260
_c
1986
300
_a
192
942
_c
BK
999
_c
7486
_d
7486